00390cam a2200145ua 4500020002500000041001000025082002000035100002400055245006100079250001200140260006500152300001200217365001000229504000500239 a0-07-099422-6c96.00 aengh a541.394bLAI/CH aLaidler, Ketih J . aChemical kinetics / cKeth J Laidler.hTextual Documents a2 / b. aNew Delhi : bTata Mc-Graw Hill Publishing Company , c1990. a566 ; . a96.00 a